000 01747nam a22002297a 4500
003 AR-RoUNCS
005 20260212125623.0
008 240731s2018 ag ||||| |||| 00| 0 spa d
020 _a978-950-49-6269-4
040 _cAR-RoUNCS
_aAR-RoUNCS
080 _082-311.6(460)
100 1 _aDueñas, María,
_eautor
245 1 4 _aLas hijas del Capitán /
_cMaría Dueñas.
250 _a1a ed.
260 _aBuenos Aires :
_bPlaneta,
_c2018.
300 _a624 p. ;
_b23 cm.
490 0 _aAutores Españoles e Iberoamericanos
520 3 _a Nueva York, 1936. La pequeña casa de comidas El Capitán arranca su andadura en la calle Catorce, uno de los enclaves de la colonia española que por entonces reside en la ciudad. La muerte accidental de su dueño, el tarambana Emilio Arenas, obliga a sus indomables hijas veinteañeras a tomar las riendas del negocio mientras en los tribunales se resuelve el cobro de una prometedora indemnización. Abatidas y acosadas por la urgente necesidad de sobrevivir, las temperamentales Victoria, Mona y Luz Arenas se abrirán paso entre rascacielos, compatriotas, adversidades y amores, decididas a convertir un sueño en realidad. Con una lectura tan ágil y envolvente como conmovedora, Las hijas del Capitán despliega la historia de tres jóvenes españolas que se vieron obligadas a cruzar un océano, se asentaron en una urbe deslumbrante y lucharon con arrojo para encontrar su camino. Un tributo a las mujeres que resisten cuando los vientos soplan en contra y un homenaje a todos aquellos valientes que vivieron —y viven— la aventura, a menudo épica y casi siempre incierta, de la emigración.
650 7 _2embne
_aLiteratura española
655 7 _2embne
_aNovelas históricas
942 _2udc
_cOG
_n0
999 _c275
_d275